Impresionistas: la celebración de la luz

Saved in:
Bibliografiske detaljer
Hovedforfatter: Kuhl, Isabel (Author)
Format: Bog
Sprog:spansk
Udgivet: Parragon Books 2009
Fag:
Tags: Tilføj Tag
Ingen Tags, Vær først til at tagge denne postø!

MARC

LEADER 00000cam a2200000 a 4500
001 UCG9579
003 CL-VaPUC
008 120323e20090000UK |||||||||||||||||spa|d
020 |a 9781407562414 
082 0 4 |a 759.05  |b KUH  |2 21 
100 0 |a Kuhl, Isabel  |e author  |9 561198 
245 1 0 |a Impresionistas: la celebración de la luz 
300 |a 224 p 
942 |c BK 
945 |d 20120323 00:00:00  |a dcastane 
260 |b Parragon Books  |c 2009 
650 0 |a Pintura francesa  |9 266122 
650 0 |a Pintores franceses   |9 340354 
650 7 |a IMPRESIONISMO  |2 CL-VaPUC  |9 324638 
650 7 |a IMPRESIONISMO EN LA PINTURA  |2 CL-VaPUC  |9 363680 
650 0 |a Crítica de arte  |9 334590 
583 |a last modification  |c 20120323 11:52:00  |k Rodrigo Vera 
999 |c 347126  |d 347124